Theory of Machines :Kinematics and Dynamics / (Record no. 26596)

000 -LEADER
fixed length control field 00464 a2200169 4500
008 - FIXED-LENGTH DATA ELEMENTS--GENERAL INFORMATION
fixed length control field 230620b ||||| |||| 00| 0 eng d
020 ## - INTERNATIONAL STANDARD BOOK NUMBER
International Standard Book Number 9788131760697
Terms of availability Rs.749.00
041 0# - LANGUAGE CODE
Language code of text/sound track or separate title eng
082 00 - DEWEY DECIMAL CLASSIFICATION NUMBER
Classification number 621.81
Item number S61735
100 ## - MAIN ENTRY--PERSONAL NAME
Personal name Singh, Sadhu
245 ## - TITLE STATEMENT
Title Theory of Machines :Kinematics and Dynamics /
250 ## - EDITION STATEMENT
Edition statement 3rd ed.
260 ## - PUBLICATION, DISTRIBUTION, ETC. (IMPRINT)
Place of publication, distribution, etc Delhi:
Name of publisher, distributor, etc Pearson,
Date of publication, distribution, etc 2012.
300 ## - PHYSICAL DESCRIPTION
Extent xxi, 1370 p. :
Other physical details ill. ;
Dimensions 24 cm
650 #0 - SUBJECT ADDED ENTRY--TOPICAL TERM
Topical term or geographic name as entry element Mechanics
942 ## - ADDED ENTRY ELEMENTS (KOHA)
Source of classification or shelving scheme
Item type Books
Holdings
Withdrawn status Lost status Source of classification or shelving scheme Damaged status Not for loan Permanent location Current location Shelving location Date acquired Source of acquisition Cost, normal purchase price Full call number Barcode Date last seen Cost, replacement price Koha item type Total Checkouts Date last borrowed Total Renewals
          IMU Kolkata IMU Kolkata Reference 2023-06-20 4 505.35 621.81 S61735 13980 2023-06-20 749.00 Books      
          IMU Kolkata IMU Kolkata   2023-06-20 4 505.35 621.81 S61735 13981 2024-04-26 749.00 Books 2 2024-04-12  
          IMU Kolkata IMU Kolkata   2023-06-20 4 505.35 621.81 S61735 13982 2026-03-19 749.00 Books 1 2026-02-17 1
          IMU Kolkata IMU Kolkata   2023-06-20 4 505.35 621.81 S61735 13983 2023-12-20 749.00 Books 2 2023-12-11  
Designed and Maintained by IMU-KC Library, Kolkata Campus © Copyright All Rights Reserved

webs counters

Powered by Koha